000
00291nam a22001337a 4500
008
181009b xxu||||| |||| 00| 0 eng d
020
_a
9780683062342
041
_a
eng
080
_2
2nd
_a
579
100
_a
11
101
_a
MIK
245
_a
Microbiology
_c
Kingsbury,D.T
942
_2
udc
_c
BK
999
_c
49091
_d
49091